000
00230nam a22000857a 4500
008
160704b xxu||||| |||| 00| 0 eng d
100
_9
1911
_a
Singh, U.K., et al
245
_a
Modern Education
260
_a
New Delhi
_b
Common Wealth
_c
2005
999
_c
1613
_d
1613